| 000 | 00407nam a22001697a 4500 | ||
|---|---|---|---|
| 003 | CEME | ||
| 005 | 20210628205341.0 | ||
| 008 | 210311b xxu||||| |||| 00| 0 eng d | ||
| 020 | _a0-931580-30-7 | ||
| 040 | _c. | ||
| 082 | _a004 MCW'P | ||
| 100 |
_aMcwilliams, Peter _975076 |
||
| 245 | _aThe personal computer book | ||
| 260 |
_aLOS ANGLES _bPRELUDE PRESS _c1990 |
||
| 300 | _a672P | ||
| 942 |
_cBK _2ddc |
||
| 999 |
_c580563 _d580563 |
||